000 00237nam a2200097Ia 4500
001 715197
005 20250826162920.0
008 250824s9999 xx 000 0 und d
245 0 _aİSTANBULLULAR
_cBUKET UZUNER
260 _bEVEREST YAYINLARI
999 _c715197
_d715197